A catalogue of vocal and instrumental music, in alphabetical order, printed for, and sold by R. Bremner.

Bibliographic Details
Main Author: Bremner, Robert, -1789
Format: eBook
Language:English
Published: [London], [publisher not identified] ; [1782]
Series:Eighteenth century collections online.
Online Access:Full text online

MARC

Tag First Indicator Second Indicator Subfields
LEADER 00000cam a2200000 4500
001 in00001878430
006 m | d |
007 cr |n||||||||n
008 800314s1782 enk|||| s 00||||eng d
005 20260406222532.0
035 |a (CStRLIN)ESTCT98484 
040 |a Uk-ES  |c Uk-ES  |d Cu-RivES  |d CStRLIN  |d Thomson Gale  |d UtOrBLW 
100 1 |a Bremner, Robert,  |d -1789. 
245 1 2 |a A catalogue of vocal and instrumental music, in alphabetical order, printed for, and sold by R. Bremner. 
264 1 |a [London],  |b [publisher not identified] ;  |c [1782] 
300 |a 4p. ;  |c 2⁰. 
336 |a text  |b txt  |2 rdacontent 
337 |a computer  |b c  |2 rdamedia 
338 |a online resource  |b cr  |2 rdacarrier 
500 |a Drop-head title dated at head: March, 1782. 
500 |a Horizontal chain lines. 
500 |a Possibly intended to be issued with 'Additional catalogue. The following, among which are many valuable and classical works, were formerly the property of the late Mrs. Johnson of Cheapside, Mrs. Welcher, of Gerrard-Street, Soho, and others; are now to be had at Mr. Bremner's, .. ', [London, 1782?]. 
500 |a Reproduction of original from the British Library. 
510 4 |a English Short Title Catalog,  |c ESTCT98484. 
533 |a Electronic reproduction.  |b Farmington Hills, Mich. :  |c Thomson Gale,  |d 2003.  |n Available via the World Wide Web.  |n Access limited by licensing agreements  |7 s2003 miunns 
500 |a Electronic resource. 
830 0 |a Eighteenth century collections online. 
856 4 0 |u http://proxy.library.tamu.edu/login?url=https://galenet.galegroup.com/servlet/ECCO?c=1&stp=Author&ste=11&af=BN&ae=T098484&tiPG=1&dd=0&dc=flc&docNum=CW106446974&vrsn=1.0&srchtp=a&d4=0.33&n=10&SU=0LRL+OR+0LRI&locID=txshracd2898  |z Full text online  |t 0 
999 |a MARS 
999 f f |s 8d927982-b8f5-314f-aadf-16a02d1e787a  |i 29a46e22-a221-35a5-b633-9b9d4aca362e  |t 0 
952 f f |a Texas A&M University  |b College Station  |c Electronic Resources  |s www_evans  |d Available Online  |t 0  |h No information provided 
998 f f |t 0  |l Available Online